000 00547nam a22001817a 4500
999 _c11414
_d11414
003 AR-CdUCM
008 190403b ||||| |||| 00| 0 spa d
040 _aMUNICIPALIDAD PROVINCIAL DEL CUSCO
_cBIBLIOTECA MUNICIPAL DEL CUSCO
082 _aES / 373.150 /
_bP59
100 _aPinilla, Antonio
_96881
245 _aPsicologia :
_bCuarto ano de educación secundaria /
260 _aLima :
_bUniverso,
300 _a129 paginas
_c24 cm.
505 _aContenido :Psicología.
650 _aPsicología
_91538
942 _2ddc
_cLIBROS
945 _arum